Governance of human rights / (Record no. 65895)

MARC details
000 -LEADER
fixed length control field 00548nam a22001577a 4500
005 - DATE AND TIME OF LATEST TRANSACTION
control field 2012050101261.0
008 - FIXED-LENGTH DATA ELEMENTS--GENERAL INFORMATION
fixed length control field 120501t xxu||||| |||| 00| 0 eng d
020 ## - INTERNATIONAL STANDARD BOOK NUMBER
International Standard Book Number 8172731531
Terms of availability 000.00
035 ## - SYSTEM CONTROL NUMBER
System control number B-120779
040 ## - CATALOGING SOURCE
Original cataloging agency DPL
Language of cataloging ENG
100 ## - MAIN ENTRY--PERSONAL NAME
Personal name Mishra R.C.
9 (RLIN) 1269
245 ## - TITLE STATEMENT
Title Governance of human rights /
Statement of responsibility, etc by R.C.Mishra
300 ## - PHYSICAL DESCRIPTION
Extent vi, 298p.
Dimensions 22cm
942 ## - ADDED ENTRY ELEMENTS (KOHA)
Source of classification or shelving scheme Dewey Decimal Classification
Item type English Books
Classification part 323
Call number suffix MIS
Holdings
Withdrawn status Lost status Source of classification or shelving scheme Damaged status Not for loan Collection code Home library Current library Shelving location Date acquired Cost, normal purchase price Total Checkouts Full call number Barcode Date last seen Cost, replacement price Koha item type
    Dewey Decimal Classification     Non-fiction Sarojini Nagar Sarojini Nagar General Stacks 01/05/2012 0.00   323 MIS B-120770 01/05/2012 0.00 English Books

© Delhi Public Library
Hit Counter
free hit counter